000 00309nam a22001217a 4500
008 230629b xxu||||| |||| 00| 0 eng d
082 _a348.
_bCLB 1993
245 _aCommonwealth Law Bulletin
260 _bCommonwealth Secretariat
_c1993
300 _aXXVI,2034p
440 _n4
_v19
_x03050718
942 _2ddc
_cBK
999 _c3117
_d3117